000 00533nam a2200169Ia 4500
008 090711s9999 xx 000 0 und d
082 _b51625
100 _aभावे पुरुषोत्तम भा.
245 _aरेशीम धागे
260 _c1985
300 _a149
600 _aभावे पुरुषोत्तम भा.
630 _aरेशीम धागे
700 _aभावे पुरुषोत्तम भा.
730 _aरेशीम धागे
942 _cBOOK
999 _c309775
_d309775